| 000 | 00000nam 2200000za 4500 |
| 001 | 9.846608 |
| 003 | CaOODSP |
| 005 | 20221107153238 |
| 007 | cr ||||||||||| |
| 008 | 180501s2013 onc |o f000 0 eng d |
| 040 | |aCaOODSP|beng |
| 043 | |an-cn-sn |
| 086 | 1 |aM159-14/2013E-PDF |
| 245 | 00|aAquistore Project, a deep saline CO2 storage demonstration project |h[electronic resource] / |c[Office of Energy Research and Development]. |
| 260 | |a[Ottawa : |bOffice of Energy Research and Development], |cc2013. |
| 300 | |a[1] p. |
| 500 | |aIssued also in French under title: Projet Aquistore, un projet de démonstration du stockage de CO2 dans des aquifères salins profonds. |
| 500 | |aCaption title. |
| 500 | |a"Revised March 2013." |
| 520 | |a"The Aquistore Project is an independent deep saline carbon dioxide (CO2) storage research and demonstration project that is being managed by the Petroleum Technology Research Centre (PTRC), which has more than 10 years of experience managing CO2 monitoring and storage. The project will demonstrate that captured CO2 from an industrial source can be safely stored in deep saline sandstone formations, more than 3 kilometres below the surface, near the SaskPower’s Boundary Dam 3 power station, near Estevan, Saskatchewan. Aquistore will demonstrate the scientific and economic feasibility of deep saline CO2 storage and be a knowledge source for other jurisdictions and companies thinking of doing the same"--Project description. |
| 692 | 07|2gccst|aGreenhouse gases |
| 693 | 4|aCarbon dioxide storage |
| 710 | 1 |aCanada. |bNatural Resources Canada. |
| 710 | 1 |aCanada.|bOffice of Energy Research and Development. |
| 775 | 08|tProjet Aquistore, un projet de démonstration du stockage de CO2 dans des aquifères salins profonds |w(CaOODSP)9.856002 |
| 856 | 40|qPDF|s693 KB|uhttps://publications.gc.ca/collections/collection_2018/rncan-nrcan/m159/M159-14-2013-eng.pdf |